<?xml version="1.0" encoding="UTF-8"?>
<record
    xmlns:xsi="http://www.w3.org/2001/XMLSchema-instance"
    xsi:schemaLocation="http://www.loc.gov/MARC21/slim http://www.loc.gov/standards/marcxml/schema/MARC21slim.xsd"
    xmlns="http://www.loc.gov/MARC21/slim">

  <leader>00807nam a22002177a 4500</leader>
  <controlfield tag="005">20111209165040.0</controlfield>
  <datafield tag="010" ind1=" " ind2=" ">
    <subfield code="a">B-444575</subfield>
  </datafield>
  <datafield tag="020" ind1=" " ind2=" ">
    <subfield code="a">9781865044132</subfield>
    <subfield code="c">195.00</subfield>
  </datafield>
  <datafield tag="035" ind1=" " ind2=" ">
    <subfield code="a">B-444575</subfield>
  </datafield>
  <datafield tag="037" ind1=" " ind2=" ">
    <subfield code="b">Blueberry/Ven</subfield>
  </datafield>
  <datafield tag="082" ind1=" " ind2=" ">
    <subfield code="a">S</subfield>
  </datafield>
  <datafield tag="100" ind1=" " ind2=" ">
    <subfield code="a">Rodda, Emily </subfield>
    <subfield code="9">38968</subfield>
  </datafield>
  <datafield tag="245" ind1=" " ind2=" ">
    <subfield code="a">Dread mountain /</subfield>
    <subfield code="c">by Emily Rodda </subfield>
  </datafield>
  <datafield tag="260" ind1=" " ind2=" ">
    <subfield code="a">Lindfield NSW</subfield>
    <subfield code="b">Scholastic Press </subfield>
    <subfield code="c">2007(repr.). </subfield>
  </datafield>
  <datafield tag="270" ind1=" " ind2=" ">
    <subfield code="a">345 Pacific Highway</subfield>
    <subfield code="b">Lindfield NSW</subfield>
    <subfield code="e">2070</subfield>
  </datafield>
  <datafield tag="300" ind1=" " ind2=" ">
    <subfield code="a">120p. </subfield>
    <subfield code="c">20cm(pbk) </subfield>
  </datafield>
  <datafield tag="490" ind1=" " ind2=" ">
    <subfield code="a">Deltora Quest ;5</subfield>
    <subfield code="9">38969</subfield>
  </datafield>
  <datafield tag="942" ind1=" " ind2=" ">
    <subfield code="2">ddc</subfield>
    <subfield code="c">CH</subfield>
    <subfield code="m">ROD</subfield>
    <subfield code="h">S</subfield>
  </datafield>
  <datafield tag="999" ind1=" " ind2=" ">
    <subfield code="c">59237</subfield>
    <subfield code="d">59237</subfield>
  </datafield>
  <datafield tag="952" ind1=" " ind2=" ">
    <subfield code="0">0</subfield>
    <subfield code="1">0</subfield>
    <subfield code="4">0</subfield>
    <subfield code="7">0</subfield>
    <subfield code="8">FIC</subfield>
    <subfield code="a">ZLS</subfield>
    <subfield code="b">ZLS</subfield>
    <subfield code="d">2012-01-11</subfield>
    <subfield code="e">Blueberry /7042/29.9.2011/83/21.3.2011/12.10.2011</subfield>
    <subfield code="g">195.00</subfield>
    <subfield code="l">4</subfield>
    <subfield code="m">2</subfield>
    <subfield code="o">S ROD</subfield>
    <subfield code="p">B-444575</subfield>
    <subfield code="r">2025-07-05 00:00:00</subfield>
    <subfield code="s">2025-05-31</subfield>
    <subfield code="t">1</subfield>
    <subfield code="v">195.00</subfield>
    <subfield code="w">2012-01-11</subfield>
    <subfield code="y">CH</subfield>
  </datafield>
</record>
